[Event "DM G5-2 2025"]
[Site "Svendborg"]
[Date "2025.04.20"]
[Round "3"]
[White "Rynkjob, Bastian"]
[Black "Jensen, Klaus Bo"]
[Result "1-0"]
[WhiteElo "1741"]
[BlackElo "1485"]
[WhiteFideId "1473557"]
[BlackFideId "1462016"]
[EventDate "2025.04.17"]
[EventType "swiss"]
[EventRounds "5"]
[EventCountry "DEN"]
[SourceTitle "Live v. Kasper Jerwiarz"]

1. e4 e5 2. Nf3 Nc6 3. Bb5 d6 4. d4 a6 5. Bxc6+ bxc6 6. dxe5 Qe7 7. Qd4 Bg4 8. exd6 Qxd6 9. Qxd6 cxd6 10. Nc3 Bxf3 11. gxf3 O-O-O 12. Be3 Nf6 13. Ke2 Kd7 14. Rad1 Rb8 15. b3 g6 16. e5 Ne8 17. Bf4 Bg7 18. Ne4 d5 19. Nc5+ Kc8 20. Nxa6 Ra8 21. Nb4 c5 22. Nxd5 Rxa2 23. Kd3 Nc7 24. Nxc7 Kxc7 25. Ra1 Rxa1 26. Rxa1 Kc6 27. Ra7 Rd8+ 28. Ke3 Rd7 29. Rxd7 Kxd7 30. Ke4 Kc6 31. c4 f5+ 32. exf6 Bxf6 33. Be5 Bh4 34. Ke3 Kb6 35. f4 Ka5 36. Bc3+ Kb6 37. f3 Be7 38. Ke4 Bd6 39. h3 Be7 40. f5 g5 41. f6 Bd6 42. f7 Bf8 43. Kf5 h6 44. Kg6 1-0

[Event "DM G5-2 2025"]
[Site "Svendborg"]
[Date "2025.04.20"]
[Round "3"]
[White "Rasmussen, Morten Fredsgaard"]
[Black "Moldrup, Jonatan Hojlund Borg"]
[Result "1-0"]
[WhiteElo "1841"]
[BlackElo "1703"]
[WhiteFideId "1410636"]
[BlackFideId "1479547"]
[EventDate "2025.04.17"]
[EventType "swiss"]
[EventRounds "5"]
[EventCountry "DEN"]
[SourceTitle "Live v. Kasper Jerwiarz"]

1. d4 d5 2. c4 c6 3. Nc3 Nf6 4. Nf3 Bf5 5. Qb3 Qb6 6. c5 Qxb3 7. axb3 h6 8. b4 a6 9. b5 Ne4 10. bxc6 bxc6 11. Bf4 Nxc3 12. bxc3 Nd7 13. e3 a5 14. Be2 e6 15. O-O Be7 16. Ra2 O-O 17. Rfa1 Bd8 18. Nd2 Nf6 19. f3 Ra7 20. Nb3 Rb7 21. Nxa5 Bxa5 22. Rxa5 Rb2 23. R5a2 Rc2 24. Rxc2 Bxc2 25. Ra6 Rc8 26. Rb6 Nd7 27. Ba6 Nxb6 28. cxb6 Ra8 29. b7 Rxa6 30. b8=Q+ Kh7 31. Qb7 Ra1+ 32. Kf2 Bg6 33. Qxc6 Ra2+ 34. Kg3 Rc2 35. h4 Bf5 36. h5 Bd3 37. Qe8 Bf1 38. Qxf7 Rxg2+ 39. Kh4 Be2 40. Bg3 Rg1 41. Qxe6 Rh1+ 42. Kg4 1-0

[Event "DM G5-2 2025"]
[Site "Svendborg"]
[Date "2025.04.20"]
[Round "3"]
[White "Moller, Henrik Allan"]
[Black "Danielsen, Johnni Hjort"]
[Result "0-1"]
[WhiteElo "1653"]
[BlackElo "1709"]
[WhiteFideId "1479199"]
[BlackFideId "1476599"]
[EventDate "2025.04.17"]
[EventType "swiss"]
[EventRounds "5"]
[EventCountry "DEN"]
[SourceTitle "Live v. Kasper Jerwiarz"]

1. Nf3 c5 2. c4 e6 3. Nc3 Nc6 4. e3 Nf6 5. Be2 Be7 6. O-O O-O 7. a3 b6 8. d4 cxd4 9. Nxd4 Bb7 10. b4 Rc8 11. Bb2 Ne5 12. Qb3 d5 13. cxd5 Nxd5 14. Rac1 Nxc3 15. Rxc3 Qd5 16. Qxd5 Bxd5 17. Rfc1 Rxc3 18. Rxc3 Rd8 19. f4 Ng6 20. Kf2 Bf6 21. Rc1 e5 22. Nf3 Bxf3 23. gxf3 Bh4+ 24. Kf1 exf4 25. e4 Be7 26. Kf2 f6 27. Rc2 Ne5 28. h4 Nd3+ 29. Bxd3 Rxd3 30. Bc1 g5 31. Ke2 Rd7 32. hxg5 fxg5 33. Bb2 h5 34. Rc6 Kf7 35. e5 Rd8 36. b5 g4 37. fxg4 hxg4 38. Rc7 g3 39. Bc3 g2 40. Kf2 Rg8 41. Kg1 Ke6 42. a4 Bc5+ 43. Rxc5 bxc5 0-1

[Event "DM G5-2 2025"]
[Site "Svendborg"]
[Date "2025.04.21"]
[Round "4"]
[White "Svendsen, Peter Willer"]
[Black "Rynkjob, Bastian"]
[Result "1-0"]
[WhiteElo "1867"]
[BlackElo "1741"]
[WhiteFideId "1405250"]
[BlackFideId "1473557"]
[EventDate "2025.04.17"]
[EventType "swiss"]
[EventRounds "5"]
[EventCountry "DEN"]
[SourceTitle "Live v. Kasper Jerwiarz"]

1. e4 c5 2. Nf3 Nc6 3. Nc3 e6 4. Bb5 Nge7 5. O-O g6 6. d4 cxd4 7. Nxd4 Bg7 8. Be3 Ne5 9. f4 a6 10. fxe5 axb5 11. Ndxb5 Bxe5 12. Nd6+ Bxd6 13. Qxd6 h6 14. Nb5 Qa5 15. Nc7+ Kd8 16. Bb6 1-0

[Event "DM G5-2 2025"]
[Site "Svendborg"]
[Date "2025.04.21"]
[Round "4"]
[White "Onisey, Mazen"]
[Black "Rasmussen, Johnny Koust"]
[Result "1-0"]
[WhiteElo "1871"]
[BlackElo "1875"]
[WhiteFideId "1461214"]
[BlackFideId "1422383"]
[EventDate "2025.04.17"]
[EventType "swiss"]
[EventRounds "5"]
[EventCountry "DEN"]
[SourceTitle "Live v. Kasper Jerwiarz"]

1. e4 e5 2. Nc3 Nc6 3. Nf3 Nf6 4. d4 exd4 5. Nxd4 Bb4 6. Nxc6 bxc6 7. Bd3 O-O 8. Bg5 h6 9. Bh4 Qe7 10. O-O Bxc3 11. bxc3 g5 12. Bg3 d6 13. Qe2 Bg4 14. f3 Bh5 15. Qd2 Nd7 16. f4 Nc5 17. fxg5 hxg5 18. Rae1 Nd7 19. Bf2 Ne5 20. c4 c5 21. h4 f6 22. hxg5 fxg5 23. Be3 g4 24. Bh6 Rxf1+ 25. Rxf1 Bg6 26. Qf4 Re8 27. Bg5 Qf7 28. Bf6 Bh5 29. Qf5 Qg6 30. Bxe5 Qxf5 31. Rxf5 Rxe5 32. Rxe5 dxe5 33. Kf2 Kg7 34. Kg3 Kh6 35. Kh4 a6 36. g3 a5 37. Be2 Bg6 38. Kxg4 Bxe4 39. Bd3 Bc6 40. Kf5 1-0

[Event "DM G5-2 2025"]
[Site "Svendborg"]
[Date "2025.04.21"]
[Round "4"]
[White "Justesen, Laurits Skovgaard"]
[Black "Vedelfort, Tommy"]
[Result "0-1"]
[WhiteElo "1757"]
[BlackElo "1834"]
[WhiteFideId "1482300"]
[BlackFideId "1410679"]
[EventDate "2025.04.17"]
[EventType "swiss"]
[EventRounds "5"]
[EventCountry "DEN"]
[SourceTitle "Live v. Kasper Jerwiarz"]

1. e4 c6 2. d4 d5 3. e5 c5 4. dxc5 Nc6 5. Nf3 Bg4 6. Bb5 e6 7. Be3 Qa5+ 8. Nc3 Nge7 9. Bd2 Qc7 10. Bf4 Ng6 11. Bg3 Bxc5 12. Qd2 O-O 13. Bxc6 bxc6 14. Nd4 Rab8 15. Nb3 Be7 16. h3 Bf5 17. f4 Rfd8 18. Bf2 c5 19. g4 Be4 20. Nxe4 dxe4 21. Qc3 Nxf4 22. Bxc5 Rxb3 23. axb3 Qxc5 24. Qxc5 Bxc5 25. Rd1 Rxd1+ 26. Kxd1 g5 27. c3 e3 28. Kc2 e2 29. Kd2 Bf2 30. c4 e1=Q+ 31. Rxe1 Bxe1+ 32. Kxe1 Kf8 33. Kd2 Ke8 34. Ke3 Nxh3 35. b4 Kd7 36. b5 Kc7 37. c5 Nf4 38. Ke4 h5 39. gxh5 Nxh5 40. b3 Nf4 41. b4 Nd5 42. Kf3 Nxb4 43. Kg4 a5 44. bxa6 Nxa6 45. Kxg5 Nxc5 46. Kf6 Kc6 0-1

[Event "DM G5-2 2025"]
[Site "Svendborg"]
[Date "2025.04.21"]
[Round "4"]
[White "Rasmussen, Morten Fredsgaard"]
[Black "Reiths, Henning"]
[Result "1-0"]
[WhiteElo "1841"]
[BlackElo "1736"]
[WhiteFideId "1410636"]
[BlackFideId "1410431"]
[EventDate "2025.04.17"]
[EventType "swiss"]
[EventRounds "5"]
[EventCountry "DEN"]
[SourceTitle "Live v. Kasper Jerwiarz"]

1. d4 f5 2. Bg5 c6 3. c3 Qb6 4. Qb3 d5 5. Nf3 Nd7 6. e3 Ngf6 7. Bxf6 exf6 8. Bd3 g6 9. O-O Bd6 10. c4 dxc4 11. Bxc4 Qxb3 12. Bxb3 Kf8 13. Nc3 a6 14. Rac1 Kg7 15. Rc2 Re8 16. Rfc1 Nb6 17. Rd1 Bd7 18. Ba4 Rad8 19. a3 Nxa4 20. Nxa4 Be6 21. Nc5 Bxc5 22. Rxc5 Rd5 23. Rc3 Red8 24. Rdc1 Rb5 25. b4 a5 26. Rc5 Rd5 27. Rxb5 Rxb5 28. Rc5 Rxc5 29. bxc5 Bb3 30. Kf1 Kf7 31. Nd2 Bc2 32. Ke2 Ke7 33. Nc4 a4 34. Kd2 Be4 35. f3 Bd5 36. Na5 g5 37. Kd3 h5 38. Nxb7 g4 39. e4 fxe4+ 40. fxe4 Ba2 41. Nd6 h4 42. Nf5+ 1-0

[Event "DM G5-2 2025"]
[Site "Svendborg"]
[Date "2025.04.21"]
[Round "4"]
[White "Munch, Niels Christian"]
[Black "Skytte, Torill"]
[Result "0-1"]
[WhiteElo "1760"]
[BlackElo "1879"]
[WhiteFideId "1470744"]
[BlackFideId "1503260"]
[EventDate "2025.04.17"]
[EventType "swiss"]
[EventRounds "5"]
[EventCountry "DEN"]
[SourceTitle "Live v. Kasper Jerwiarz"]

1. d4 d5 2. Nf3 Nf6 3. e3 c5 4. b3 cxd4 5. exd4 Nc6 6. Bb2 Bf5 7. a3 e6 8. Bd3 Bxd3 9. Qxd3 Bd6 10. Ne5 O-O 11. O-O Qc7 12. f4 Rac8 13. Nd2 Rfd8 14. Rac1 Qe7 15. c4 dxc4 16. Rxc4 Bxe5 17. Rxc6 Bxd4+ 18. Qxd4 Rxc6 19. Qe3 Ng4 20. Qe2 Qc5+ 21. Kh1 Qh5 22. h3 Rc2 0-1

[Event "DM G5-2 2025"]
[Site "Svendborg"]
[Date "2025.04.21"]
[Round "4"]
[White "Dres, Lasse"]
[Black "Skjoldborg, Lasse Dahl"]
[Result "1-0"]
[WhiteElo "1813"]
[BlackElo "1496"]
[WhiteFideId "1483501"]
[BlackFideId "1447831"]
[EventDate "2025.04.17"]
[EventType "swiss"]
[EventRounds "5"]
[EventCountry "DEN"]
[SourceTitle "Live v. Kasper Jerwiarz"]

1. d4 d5 2. Nf3 Nf6 3. Bf4 Nc6 4. e3 Bf5 5. Bd3 Qd7 6. Bb5 a6 7. Ne5 Qe6 8. Bxc6+ bxc6 9. c3 Nd7 10. Nd2 Bg4 11. Nxg4 Rb8 12. Rb1 Rb7 13. Ne5 Nf6 14. Qa4 Rb6 15. c4 1-0

[Event "DM G5-2 2025"]
[Site "Svendborg"]
[Date "2025.04.21"]
[Round "4"]
[White "Jensen, Klaus Bo"]
[Black "Horslund, Mikael"]
[Result "0-1"]
[WhiteElo "1485"]
[BlackElo "1829"]
[WhiteFideId "1462016"]
[BlackFideId "1421042"]
[EventDate "2025.04.17"]
[EventType "swiss"]
[EventRounds "5"]
[EventCountry "DEN"]
[SourceTitle "Live v. Kasper Jerwiarz"]

1. e4 e5 2. Nf3 f5 3. Nc3 fxe4 4. Nxe5 Qf6 5. Nc4 Qe6 6. Be2 Nf6 7. O-O d5 8. Na3 d4 9. Ncb5 Qb6 10. d3 a6 11. dxe4 axb5 12. Bxb5+ Bd7 13. Bd3 Nc6 14. Nc4 Qc5 15. e5 Nd5 16. Re1 Be6 17. b3 b5 18. Nd2 Nc3 19. Qh5+ Kd7 20. Bf5 Qe7 21. Bxe6+ Qxe6 22. f4 g6 23. Qf3 Bc5 24. Kh1 Nb4 25. Qf2 Nxc2 26. Ne4 Nxe4 27. Qxc2 Nc3 28. Bb2 b4 29. a3 Rhf8 30. Bxc3 bxc3 31. Qe4 Rxa3 32. Rxa3 Bxa3 33. Qxd4+ Ke7 34. Qxc3 Rxf4 35. Qxc7+ Qd7 36. Qb8 Rf8 37. Qxf8+ Kxf8 38. Rf1+ Kg7 39. Re1 Qe6 40. Re3 Bc5 41. Rc3 Qxe5 42. Rc1 Qe3 43. Rb1 Qf2 44. b4 Bxb4 45. Rg1 Bc5 46. Rc1 h5 47. h3 h4 48. Rd1 Kh6 49. Rb1 Kg5 50. Rc1 Bd4 51. Rd1 Kf4 52. Rb1 g5 53. Rd1 g4 0-1

[Event "DM G5-2 2025"]
[Site "Svendborg"]
[Date "2025.04.21"]
[Round "4"]
[White "Moldrup, Jonatan Hojlund Borg"]
[Black "Danielsen, Johnni Hjort"]
[Result "1-0"]
[WhiteElo "1703"]
[BlackElo "1709"]
[WhiteFideId "1479547"]
[BlackFideId "1476599"]
[EventDate "2025.04.17"]
[EventType "swiss"]
[EventRounds "5"]
[EventCountry "DEN"]
[SourceTitle "Live v. Kasper Jerwiarz"]

1. d4 Nf6 2. c4 e6 3. Nc3 Bb4 4. Bd2 d5 5. a3 Be7 6. Nf3 c5 7. e3 cxd4 8. exd4 O-O 9. c5 b6 10. b4 bxc5 11. bxc5 Nc6 12. Bb5 Qc7 13. Bxc6 Qxc6 14. O-O Nd7 15. Bf4 Bf6 16. Bd6 Re8 17. Ne5 Nxe5 18. dxe5 Be7 19. Qa4 Qxa4 20. Nxa4 f6 21. f4 Bd7 22. Nb2 Rac8 23. Rac1 Kf7 24. Nd3 Bb5 25. Rfd1 a5 26. Rb1 Ba4 27. Rdc1 Rc6 28. Rb7 Kf8 29. Nb2 Bxd6 30. exd6 Rec8 31. d7 Rd8 32. Nxa4 e5 33. fxe5 fxe5 34. Rb6 Rxb6 35. Nxb6 Ke7 36. c6 Rb8 37. Nxd5+ 1-0

[Event "DM G5-2 2025"]
[Site "Svendborg"]
[Date "2025.04.17"]
[Round "5"]
[White "Poulsen, Albert Damgaard"]
[Black "Svendsen, Peter Willer"]
[Result "1-0"]
[WhiteElo "1843"]
[BlackElo "1867"]
[WhiteFideId "1478613"]
[BlackFideId "1405250"]
[EventDate "2025.04.17"]
[EventType "swiss"]
[EventRounds "5"]
[EventCountry "DEN"]
[SourceTitle "Live v. Kasper Jerwiarz"]

1. e4 e5 2. Nf3 Nf6 3. Nxe5 d6 4. Nf3 Nxe4 5. Nc3 Nxc3 6. dxc3 Be7 7. Be3 Nc6 8. Qd2 O-O 9. O-O-O Ne5 10. h4 Be6 11. Ng5 Qd7 12. Kb1 a5 13. Be2 a4 14. f4 Ng6 15. h5 Bxg5 16. hxg6 Bf6 17. g4 Bxg4 18. Rdg1 Bf5 19. Bc4 Be6 20. Qh2 fxg6 21. Qxh7+ Kf7 22. Qxg6+ Ke7 23. Bxe6 Qxe6 24. Re1 Qg8 25. Qe4+ Kd7 26. Bd4 d5 27. Qf5+ Kd8 28. Bxf6+ Rxf6 29. Qe5 Raa6 30. Rh7 Qe6 31. Rxg7 Rxf4 32. Qg5+ Qf6 33. Qxd5+ Rd6 34. Qxb7 1-0

[Event "DM G5-2 2025"]
[Site "Svendborg"]
[Date "2025.04.17"]
[Round "5"]
[White "Vedelfort, Tommy"]
[Black "Onisey, Mazen"]
[Result "1-0"]
[WhiteElo "1834"]
[BlackElo "1871"]
[WhiteFideId "1410679"]
[BlackFideId "1461214"]
[EventDate "2025.04.17"]
[EventType "swiss"]
[EventRounds "5"]
[EventCountry "DEN"]
[SourceTitle "Live v. Kasper Jerwiarz"]

1. d4 Nf6 2. Bf4 b6 3. Nf3 Bb7 4. e3 g6 5. Nbd2 Bg7 6. c3 O-O 7. h4 d6 8. Rg1 Nbd7 9. g4 Nd5 10. Bh2 e5 11. dxe5 Nxe5 12. Nxe5 dxe5 13. h5 a5 14. Qa4 c6 15. O-O-O Qe7 16. Qe4 Rae8 17. g5 b5 18. Kb1 Ba8 19. hxg6 fxg6 20. Qh4 b4 21. cxb4 Nxb4 22. Bc4+ Kh8 23. Bg3 Rf5 24. Ne4 c5 25. Nd6 Rd8 26. Nxf5 gxf5 27. Qh5 Be4+ 28. Kc1 Nd3+ 29. Bxd3 Bxd3 30. Rh1 Kg8 31. Qxh7+ Kf8 32. Rxd3 1-0

[Event "DM G5-2 2025"]
[Site "Svendborg"]
[Date "2025.04.17"]
[Round "5"]
[White "Skytte, Torill"]
[Black "Almasy, Alexander Christian"]
[Result "0-1"]
[WhiteElo "1879"]
[BlackElo "1914"]
[WhiteFideId "1503260"]
[BlackFideId "1415700"]
[EventDate "2025.04.17"]
[EventType "swiss"]
[EventRounds "5"]
[EventCountry "DEN"]
[SourceTitle "Live v. Kasper Jerwiarz"]

1. d4 d5 2. Nf3 Nf6 3. Bf4 c5 4. e3 Nc6 5. Nbd2 e6 6. c3 Be7 7. Ne5 O-O 8. Bd3 Nd7 9. Qh5 f5 10. Ndf3 Nf6 11. Qh3 Ne4 12. Nxc6 bxc6 13. Be5 a5 14. Ng1 Qb6 15. Rb1 Ba6 16. Bc2 Qb5 17. g3 a4 18. f3 Nd6 19. Bxd6 Bxd6 20. Qg2 cxd4 21. exd4 e5 22. Ne2 Rae8 23. Kd2 c5 24. Rhe1 exd4 25. cxd4 cxd4 26. a3 Qa5+ 27. b4 axb3+ 28. Kd1 bxc2+ 29. Kxc2 d3+ 0-1

[Event "DM G5-2 2025"]
[Site "Svendborg"]
[Date "2025.04.17"]
[Round "5"]
[White "Horslund, Mikael"]
[Black "Rasmussen, Morten Fredsgaard"]
[Result "0-1"]
[WhiteElo "1829"]
[BlackElo "1841"]
[WhiteFideId "1421042"]
[BlackFideId "1410636"]
[EventDate "2025.04.17"]
[EventType "swiss"]
[EventRounds "5"]
[EventCountry "DEN"]
[SourceTitle "Live v. Kasper Jerwiarz"]

1. e4 c6 2. Nc3 d5 3. Nf3 Nf6 4. e5 Ng8 5. Be2 Bg4 6. Nd4 Bxe2 7. Qxe2 e6 8. O-O Nd7 9. a4 Ne7 10. Kh1 Qb6 11. Nb3 Nf5 12. a5 Qc7 13. d4 a6 14. Na4 c5 15. g4 Nxd4 16. Nxd4 cxd4 17. f4 Qxa5 18. Bd2 Qc7 19. Qe1 b5 20. Ba5 Qb7 21. f5 bxa4 22. fxe6 fxe6 23. Rxa4 Bc5 0-1

[Event "DM G5-2 2025"]
[Site "Svendborg"]
[Date "2025.04.17"]
[Round "5"]
[White "Rasmussen, Johnny Koust"]
[Black "Dres, Lasse"]
[Result "1-0"]
[WhiteElo "1875"]
[BlackElo "1813"]
[WhiteFideId "1422383"]
[BlackFideId "1483501"]
[EventDate "2025.04.17"]
[EventType "swiss"]
[EventRounds "5"]
[EventCountry "DEN"]
[SourceTitle "Live v. Kasper Jerwiarz"]

1. e4 c6 2. d4 d5 3. exd5 cxd5 4. Bd3 Nc6 5. c3 Nf6 6. Bf4 Bg4 7. Qb3 Qd7 8. Nd2 e6 9. Ngf3 a6 10. a4 Be7 11. h3 Bh5 12. Ne5 Qc8 13. Ndf3 Nd7 14. O-O Ncxe5 15. Nxe5 Nxe5 16. Bxe5 O-O 17. Rfe1 Qd7 18. Qc2 Bg6 19. Bxg6 hxg6 20. Qe2 Rfc8 21. Qg4 b5 22. axb5 axb5 23. h4 Bd6 24. h5 Bxe5 25. dxe5 gxh5 26. Qxh5 d4 27. Rad1 Rc4 28. Rd3 Qa7 29. Red1 Rd8 30. Rh3 Kf8 31. Qh8+ Ke7 32. Qxg7 Rf8 33. Rhd3 Rd8 34. Qf6+ Ke8 35. Rh3 Qe7 36. Rh8+ Kd7 37. Qxe7+ Kxe7 38. Rxd8 Kxd8 39. Rxd4+ Kc7 40. Rxc4+ bxc4 41. f4 Kc6 42. Kf2 Kc5 43. Ke3 Kd5 44. g3 Kc6 45. Kd4 Kb5 46. g4 1-0

[Event "DM G5-2 2025"]
[Site "Svendborg"]
[Date "2025.04.17"]
[Round "5"]
[White "Reiths, Henning"]
[Black "Justesen, Laurits Skovgaard"]
[Result "0-1"]
[WhiteElo "1736"]
[BlackElo "1757"]
[WhiteFideId "1410431"]
[BlackFideId "1482300"]
[EventDate "2025.04.17"]
[EventType "swiss"]
[EventRounds "5"]
[EventCountry "DEN"]
[SourceTitle "Live v. Kasper Jerwiarz"]

1. d4 Nf6 2. Bg5 d5 3. e3 c5 4. c3 Qb6 5. Qb3 c4 6. Qc2 Ne4 7. Bf4 Bf5 8. Qc1 g5 9. Be5 f6 10. Bxb8 Rxb8 11. f3 Nd6 12. h4 gxh4 13. Rxh4 Bg6 14. Nd2 Nf5 15. Rh3 Nxe3 16. f4 Nc2+ 17. Kf2 Nxa1 18. Qxa1 Qd6 19. Ne2 h5 20. Nf3 Bh6 21. Nh4 Bd3 22. f5 Qd7 23. Ng3 Qc7 24. Ng6 Rg8 25. Rxh5 Rxg6 0-1

[Event "DM G5-2 2025"]
[Site "Svendborg"]
[Date "2025.04.17"]
[Round "5"]
[White "Rynkjob, Bastian"]
[Black "Munch, Niels Christian"]
[Result "0-1"]
[WhiteElo "1741"]
[BlackElo "1760"]
[WhiteFideId "1473557"]
[BlackFideId "1470744"]
[EventDate "2025.04.17"]
[EventType "swiss"]
[EventRounds "5"]
[EventCountry "DEN"]
[SourceTitle "Live v. Kasper Jerwiarz"]

1. e4 c6 2. d4 d5 3. Nc3 dxe4 4. Nxe4 Nf6 5. Nxf6+ exf6 6. c3 Bd6 7. Bd3 Be6 8. Qc2 Nd7 9. Ne2 Qc7 10. f4 g6 11. c4 O-O-O 12. h3 Bf5 13. Bxf5 gxf5 14. Qxf5 Bb4+ 15. Bd2 Bxd2+ 16. Kxd2 Kb8 17. Kc2 Qd6 18. Nc3 Qxd4 19. Rhd1 Qc5 20. Rxd7 Qxf5+ 0-1

[Event "DM G5-2 2025"]
[Site "Svendborg"]
[Date "2025.04.17"]
[Round "5"]
[White "Moldrup, Jonatan Hojlund Borg"]
[Black "Moller, Henrik Allan"]
[Result "1-0"]
[WhiteElo "1703"]
[BlackElo "1653"]
[WhiteFideId "1479547"]
[BlackFideId "1479199"]
[EventDate "2025.04.17"]
[EventType "swiss"]
[EventRounds "5"]
[EventCountry "DEN"]
[SourceTitle "Live v. Kasper Jerwiarz"]

1. d4 Nf6 2. c4 e6 3. Nc3 d5 4. Nf3 dxc4 5. e4 c5 6. Bxc4 cxd4 7. Qxd4 Qxd4 8. Nxd4 Bb4 9. f3 O-O 10. a3 Bxc3+ 11. bxc3 b6 12. Nb5 Na6 13. Be3 Bb7 14. Nd6 Nc5 15. Bxc5 bxc5 16. Nxb7 Rab8 17. Na5 Nd7 18. O-O Nb6 19. Rab1 g6 20. Rfd1 Kg7 21. Bf1 c4 22. Nxc4 Rfc8 23. Nxb6 axb6 24. c4 b5 25. cxb5 Rxb5 26. Rxb5 1-0

[Event "DM G5-2 2025"]
[Site "Svendborg"]
[Date "2025.04.17"]
[Round "5"]
[White "Skjoldborg, Lasse Dahl"]
[Black "Jensen, Klaus Bo"]
[Result "1-0"]
[WhiteElo "1496"]
[BlackElo "1485"]
[WhiteFideId "1447831"]
[BlackFideId "1462016"]
[EventDate "2025.04.17"]
[EventType "swiss"]
[EventRounds "5"]
[EventCountry "DEN"]
[SourceTitle "Live v. Kasper Jerwiarz"]

1. d4 g6 2. e4 Bg7 3. e5 d6 4. f4 d5 5. c4 c6 6. Nc3 Bf5 7. Bd3 Qd7 8. Nf3 Bg4 9. Be2 Bxf3 10. Bxf3 e6 11. Bd2 Ne7 12. Qe2 O-O 13. O-O-O a5 14. h4 Nf5 15. Qf2 Na6 16. g4 Nb4 17. Be2 Ne7 18. h5 Ra7 19. hxg6 fxg6 20. Qh4 Kf7 21. f5 exf5 22. Rde1 Ke8 23. Qg3 fxg4 24. Rxh7 Nf5 25. Qxg4 Rh8 26. Qxg6+ Qf7 27. Qxf7+ Kxf7 28. Bh5+ Kg8 29. Rxh8+ Kxh8 30. Be2 Ng3 31. cxd5 cxd5 32. Bb5 Nf5 33. a3 Nc6 34. Ne2 Ncxd4 35. Nxd4 Nxd4 36. Rh1+ Kg8 37. Ba4 Bxe5 38. Re1 Bg3 39. Re8+ Kf7 40. Rd8 Ke6 41. Bd7+ Ke7 42. Bg5+ Kd6 43. Bg4+ Kc5 44. Be7+ Kc4 45. Rc8+ Kb3 46. Rc3+ Ka2 47. Rxg3 b5 48. Bd6 Rh7 49. Rg1 Nb3+ 50. Kc2 Rf7 51. Rg2 Rf1 52. Bd1 Na1+ 53. Kd2 Rf6 54. Bc5 Nb3+ 55. Bxb3+ Kxb3 56. Bd4 Rc6 57. Kd1 Rc4 58. Bc3 b4 59. axb4 axb4 60. Be5 Rc8 61. Rg3+ Ka2 62. Rd3 Kb1 63. Rxd5 Rc1+ 64. Ke2 Rc2+ 65. Kd3 b3 66. Rb5 Rxb2 67. Bxb2 Kxb2 68. Kc4 1-0